| 000 | 00465nam a22001817a 4500 | ||
|---|---|---|---|
| 003 | MPLRDC | ||
| 005 | 20220104163733.0 | ||
| 008 | 210129b ||||| |||| 00| 0 eng d | ||
| 020 | _a81-7649-564-6 | ||
| 082 | _a494 MAD | ||
| 100 | _aDOROTHY J. MADDUX, ROBERT B, MADDUX | ||
| 245 |
_aETHICS IN BUSINESS _c |
||
| 250 | _aREPRINTED | ||
| 260 |
_aU.S.A. _bCRISP PIBLICATIONS. INC. _c2005 |
||
| 300 | _b70 | ||
| 650 | _aBUSINESS MANAGEMENT | ||
| 942 |
_cBK _o494 MAD |
||
| 999 |
_c56616 _d56606 |
||